|
|
|
|
| LEADER |
00000nam a2200000 a 4500 |
| 001 |
vtls001330207 |
| 003 |
SK-MaSNL |
| 005 |
20260302070525.0 |
| 008 |
251113s1997 gw d 0 ger |
| 020 |
|
|
|a 3885571684
|c [726,00]
|
| 035 |
|
|
|a SNK000283068
|
| 040 |
|
|
|a SNK
|b slo
|c SNK
|e AACR2
|
| 044 |
|
|
|a gw
|c DE
|
| 080 |
|
|
|a 929:262.1(438=30)"1939/1945"
|2 1981
|
| 080 |
|
|
|a 281(438=30)"1939/1945"
|2 1981
|
| 100 |
1 |
|
|a Samerski, Stefan
|4 aut
|9 493227
|
| 245 |
1 |
0 |
|a Priester im annektierten Polen
|b die Seelsorge deutscher Geistlicher in den an das Deutsche Reich angeschlossenen polnischen Gebieten 1939-1945
|c Stefan Samerski
|
| 260 |
|
|
|a Bonn
|b Kulturstiftung der deutschen Vertriebenen
|c 1997
|
| 300 |
|
|
|a 192 s.
|c 24 cm
|
| 490 |
1 |
|
|a Historischen Forschungen
|
| 650 |
0 |
7 |
|a kňazi nemeckí
|z Poľsko
|y 1939-1945
|x monografie
|2 SNK
|9 731095
|
| 830 |
|
0 |
|a Historischen Forschungen
|9 457677
|
| 919 |
|
|
|a 3-88557-168-4
|
| 999 |
|
|
|c 1147673
|d 1149603
|
| 952 |
|
|
|t P60, <04>, [BOOK], {604}
|a SNK
|b SNK
|y VYP
|7 0
|p 17A0138406
|o snkIC 127233
|i snkV 535/98
|0 0
|1 0
|4 0
|d 1998-05-12
|l 0
|r 2005-01-02 00:00:00
|w 2026-02-24
|